000 01138nam a2200229 a 4500
001 BRCA_292
005 20190320202940.0
008 930722s1988 mx-a---##b---s000-0#spa-d
040 _aCStmo
_cCStmo
_dDLC
050 4 _aNA5257.P8
_b.M37 1988
100 1 _aMartínez del Sobral y Campa, Margarita
_9979
245 1 0 _aLos conventos franciscanos poblanos y el número de oro
_cMargarita Martínez del Sobral y Campa.
260 _a[Puebla, México]
_bGobierno del Estado de Puebla, Centro Regional de Puebla: Fundación Fuad Abed Halabi
_c[1988]
300 _a253 p.
_bil.
_c30 cm.
500 _aApéndices: 1. El cuadrado de San Benito en el trazo del plano de Saint Gall. 2. La medalla de San Benito y el exorcismo en los monasterios y conventos medievales. 3.Acatepec San Francisco- (Iglesia Franciscana del siglo XVI)
504 _aIncluye referencias bibliográficas
650 1 4 _aMonasterios franciscanos
_zPuebla (México)
_9980
650 1 4 _aConventos franciscanos
_ySiglo XVI
_zPuebla (México)
_9981
650 1 4 _aArquitectura franciscana
_xDiseños y planos
_ySiglo XVI
_zMéxico
_9982
653 0 _aOrdenes religiosas
942 _2lcc
_cB
999 _c236
_d236